Normal view
MARC view
Entry Personal Name
001 - CONTROL NUMBER
- control field: 4665
003 - CONTROL NUMBER IDENTIFIER
- control field: OSt
005 - DATE AND TIME OF LATEST TRANSACTION
- control field: 20150804153408.0
008 - FIXED-LENGTH DATA ELEMENTS
- fixed length control field: 150804|| aca||aabn | a|a d
040 ## - CATALOGING SOURCE
- Original cataloging agency: OSt
- Transcribing agency: OSt
100 ## - HEADING--PERSONAL NAME
- Personal name: Maccarthaigh, Brendan
670 ## - SOURCE DATA FOUND
- Source citation: Work cat.: (OSt)14645: Maccarthaigh, Brendan, Where The Child Is Without Fear, 2006









